Láska tvá je sluncem mým píseň a tango z operety "Holubník /

Hlavní autor: Ingriš, Eduard, 1905-1991
Další autoři: Chlumecký, Josef
Jazyk: Čeština
Vydáno: Praha : Jana Hoffmanna vva., 1936
Edice: Písničky z Prahy
Fyzický popis: [4] s.
Hudebniny Hudebniny
Uloženo v:
LEADER 00886ncm a22002532a 4500
001 001138252
003 CZ BrMZK
005 20110210092640.0
007 qu
008 110209s1936 xr |||||||||||||||||cze d
015 |a cnb001941121 
040 |a BOA001  |b cze 
072 7 |a 784  |x Vokální hudba  |2 Konspekt  |9 9 
100 1 |a Ingriš, Eduard,  |d 1905-1991  |7 jk01050548  |4 cmp 
245 1 0 |a Láska tvá je sluncem mým  |h [hudebnina] :  |b píseň a tango z operety "Holubník /  |c hudba Eduard Ingriš ; slova J. Chlumecký 
260 |a Praha :  |b Jana Hoffmanna vva.,  |c 1936 
300 |a [4] s. 
490 1 |a Písničky z Prahy ;  |v č. 183 
700 1 |a Chlumecký, Josef  |7 jx20080108023  |4 lyr 
830 0 |a Písničky z Prahy 
910 |a BOA001  |b Mus1-0173.020,183 
990 |a MU 
991 |b 201102 
996 6 |b 2619354492  |c Mus1-0173.020,183  |l MZK  |r Sklad / do 1 hodiny  |n 0  |w 001169096  |u 000010  |a 1  |e BOA001  |j MZK50  |s P